Ζητήματα της ελληνικής πολιτικής ασύλου : αιτούντες άσυλο και πρόσφυγες στη Θεσσαλονίκη : πτυχιακή εργασία
Αποθηκεύτηκε σε:
| Κύριος συγγραφέας: | |
|---|---|
| Συγγραφή απο Οργανισμό/Αρχή: | |
| Άλλοι συγγραφείς: | |
| Μορφή: | Thesis Βιβλίο |
| Γλώσσα: | Greek |
| Δημοσίευση: |
Μυτιλήνη :
Πανεπιστήμιο Αιγαίου, Τμήμα Γεωγραφίας,
2006
|
| Θέματα: | |
| Ετικέτες: |
Προσθήκη ετικέτας
Δεν υπάρχουν, Καταχωρήστε ετικέτα πρώτοι!
|
MARC
| LEADER | 00000cam a2200000 i 4500 | ||
|---|---|---|---|
| 001 | 1/27286 | ||
| 008 | 060331s2006 gre d | ||
| 035 | |l 10083367 | ||
| 040 | |a GR-MY-UA |b gre |e aacr | ||
| 041 | 0 | |a gre | |
| 082 | 0 | |a 342.083 |2 (22) | |
| 100 | 1 | |a Καπέτης, Κωνσταντίνος. | |
| 245 | 1 | 0 | |a Ζητήματα της ελληνικής πολιτικής ασύλου : |b αιτούντες άσυλο και πρόσφυγες στη Θεσσαλονίκη : πτυχιακή εργασία / |c Καπέτης Κωνσταντίνος ; υπεύθυνη καθηγήτρια Πετράκου Ηλέκτρα |
| 260 | |a Μυτιλήνη : |b Πανεπιστήμιο Αιγαίου, Τμήμα Γεωγραφίας, |c 2006 | ||
| 300 | |a 177 σ.; |c 30 εκ. | ||
| 502 | |a Πτυχιακή εργασία – Πανεπιστήμιο Αιγαίου, Λέσβος, 2006. | ||
| 504 | |a Βιβλιογραφία: σ. 101-104 | ||
| 650 | 0 | |a Asylum, Right of |z Greece |z Thessalonike. | |
| 650 | 0 | |a Asylum, Right of |x Political aspects |z Greece |z Thessalonike. | |
| 650 | 0 | |a Refugees |x Legal status, laws, etc. |z Greece |z Thessalonike. | |
| 650 | 0 | 0 | |a Dissertations, Academic |z Greece. |
| 700 | 1 | |a Πετράκου, Ηλέκτρα, |e dgsf | |
| 710 | 2 | |a Πανεπιστήμιο Αιγαίου. |b Σχολή Κοινωνικών Επιστημών. |b Τμήμα Γεωγραφίας. | |
| 852 | |a INST |b LESVOS |c DIATR |e 20060331 |h 369 |p 005100035915 |q 005100035915 |t DIE |y 23 | ||
| 852 | |a INST |b LESVOS |c DIATR |e 20060331 |h 370 |p 005100035406 |q 005100035406 |t DIE |y 23 | ||
| 901 | |a BIBL1-2006-1 | ||
| 909 | |a Λ |b 126163 | ||
| 909 | |a Λ |b 126164 | ||
| 924 | |a ΚΑΠΕΤΗΣ |b ΚΩΝΣΤΑΝΤΙΝΟΣ |y ΛΕΣΒΟΣ |z 2006-03 | ||
| 970 | |a ΜΑΡΙΝΑΤΟΥ |b ΜΥΡΣΙΝΗ |z 2006/03/31 | ||